Top 3 players of each NHL hockey team 21-22 - Statistics

General Stats
  • This quiz has been taken 528 times
  • The average score is 37 of 96
Answer Stats
Hint Answer % Correct
Oilers Mcdavid
82%
Kings Kopitar
79%
Penguins Crosby
73%
Maple Leafs Matthews
72%
Kings Doughty
69%
Canucks Hughes
67%
Sharks Kane
67%
Blackhawks Kane
67%
Avalanche Mackinnon
67%
Maple Leafs Marner
67%
Oilers Draisaitl
64%
Avalanche Makar
64%
Bruins Marchand
64%
Capitals Ovechkin
64%
Penguins Malkin
63%
Lightning Kucherov
62%
Flames Tkachuk
61%
Senators Tkachuk
61%
Panthers Barkov
58%
Canucks Pettersson
58%
Lightning Point
57%
Flames Gaudreau
55%
Maple Leafs Tavares
55%
Rangers Panarin
54%
Bruins Pastrnak
54%
Avalanche Rantanen
54%
Knights Eichel
52%
Penguins Letang
51%
Hurricanes Aho
50%
Predators Josi
49%
Stars Benn
47%
Red wings Larkin
47%
Knights Stone
47%
Coyotes Keller
46%
Islanders Barzal
45%
Canadiens Price
45%
Predators Forsberg
43%
Flyers Giroux
43%
Oilers NugentHopkins
43%
Capitals Carlson
41%
Capitals Backstrom
40%
Rangers Fox
40%
Stars Seguin
40%
Ducks Gibson
39%
Rangers Zibanejad
39%
Sabres Dahlin
38%
Jackets Laine
36%
Canucks Boeser
35%
Kraken Eberle
35%
Knights Pietrangelo
35%
Jets Wheeler
35%
Blackhawks Debrincat
34%
Jets Scheifele
34%
Panthers Bobrovsky
33%
Jets Hellebuyck
33%
Devils Hischier
33%
Blackhawks Jones
33%
Blues Oreilly
33%
Blues Tarasenko
33%
Sharks Couture
32%
Sharks Hertl
32%
Predators Saros
31%
Lightning Vasilevskiy
31%
Canadiens Weber
31%
Bruins Rask
30%
Hurricanes Svechnikov
29%
Wild Fiala
28%
Devils Hamilton
27%
Jackets Werenski
27%
Islanders Lee
26%
Kraken Giordano
23%
Blues Binnington
21%
Senators Chabot
21%
Wild Spurgeon
21%
Flyers Couturier
20%
Flyers Hart
20%
Sabres Skinner
20%
Hurricanes Slavin
20%
Coyotes Chychrun
19%
Kraken Grubauer
19%
Flames Monahan
18%
Wild Zuccarello
18%
Red wings Bertuzzi
15%
Jackets Voracek
15%
Kings Danault
14%
Islanders Varlamov
13%
Stars Bishop
9%
Ducks Henrique
8%
Ducks Rakell
8%
Devils Tatar
8%
Senators Murray
7%
Coyotes Gostisbehere
5%
Panthers Huberdau
5%
Canadiens Drouin
4%
Red wings Mantha
3%
Sabres Hinostroza
0%
No matching quizzes found
Score Distribution
Percent of People with Each Score
Percentile by Number Answered
Your Score History
You have not taken this quiz